000 00655nam a2200241Ia 4500
005 20260430150607.0
008 008 250103s9999 xx 000 0 eng d
037 _aTheses
040 _aCRL
040 _beng
040 _ceng
041 _2eng
041 _aeng
084 _qCRL
100 _aGanguly Tathagato Au.; Nandini Sundar Gu.
_91237948
245 0 _aBlack Territorial Politics and Plantation Landscapes in Esmeraldas, Ecuador
260 _c2023
300 _a169p.
650 _aSociology
700 _aUniversity of Delhi. Faculty of Social Science. Deptt. of Sociology
_91237949
942 _cTH
999 _c1850161
_d1850161